Southville International School and Colleges
Your cart is empty.
  • Cart
  • Lists
    Public lists Eva Luna New books Lux_list list_1
    Your lists Log in to create your own lists
  • Log in to your account
  • Your cookies
  • Search history
Southville International School and Colleges
  • Advanced search
  • Recent comments
  • Most popular
  • Libraries

Log in to your account

Log in with GOOGLE


If you do not have an external account, but do have a local account, you can still log in:

  1. Home
  2. MARC view: Excellence in online journalism :
Normal view MARC view ISBD view

Excellence in online journalism : (Record no. 25132)

[ view plain ]
MARC details
000 -LEADER
fixed length control field 00647nam a2200205 a 4500
005 - DATE AND TIME OF LATEST TRANSACTION
control field 20140310183603.0
008 - FIXED-LENGTH DATA ELEMENTS--GENERAL INFORMATION
fixed length control field 120614s19uu xx 00 eng d
020 ## - INTERNATIONAL STANDARD BOOK NUMBER
International Standard Book Number 9781412970099
050 ## - LIBRARY OF CONGRESS CALL NUMBER
Classification number PN 4784.O62
Item number .C73 2011
100 ## - MAIN ENTRY--PERSONAL NAME
Personal name Craig, David A.
245 ## - TITLE STATEMENT
Title Excellence in online journalism :
Remainder of title exploring current practices in an evolving environment /
Statement of responsibility, etc David A Craig.
260 ## - PUBLICATION, DISTRIBUTION, ETC. (IMPRINT)
Place of publication, distribution, etc Thousand Oaks, Calif :
Name of publisher, distributor, etc SAGE,
Date of publication, distribution, etc 2011.
300 ## - PHYSICAL DESCRIPTION
Extent 179 p. :
Other physical details ill. ;
Dimensions 23 cm.
500 ## - GENERAL NOTE
General note Includes index.
521 ## - TARGET AUDIENCE NOTE
Target audience note
650 ## - SUBJECT ADDED ENTRY--TOPICAL TERM
Topical term or geographic name as entry element Online journalism
650 ## - SUBJECT ADDED ENTRY--TOPICAL TERM
Topical term or geographic name as entry element Journalism
General subdivision Technological innovations
942 ## - ADDED ENTRY ELEMENTS (KOHA)
Koha item type Books
Source of classification or shelving scheme Library of Congress Classification
Call number prefix Foreign
Holdings
Withdrawn status Lost status Source of classification or shelving scheme Damaged status Home library Current library Shelving location Date acquired Source of acquisition Cost, normal purchase price Total Checkouts Full call number Barcode Date last seen Copy number Price effective from Koha item type
    Library of Congress Classification   Archives Archives   06/14/2012 Donation 2248.00   PN 4784.O62 .C73 2011 C14482 10/30/2014 1 10/18/2013 Books

Excellence in online journalism :

APA

Craig D. A., . (2011). Excellence in online journalism. Thousand Oaks, Calif: SAGE.

Chicago

Craig David A, . 2011. Excellence in online journalism. Thousand Oaks, Calif: SAGE.

Harvard

Craig D. A., . (2011). Excellence in online journalism. Thousand Oaks, Calif: SAGE.

MLA

Craig David A, . Excellence in online journalism. Thousand Oaks, Calif: SAGE. 2011.

  • Place hold
  • Print
  • Cite
  • Add to your cart (remove)
  • Save record
    BIBTEX Dublin Core MARCXML MARC (non-Unicode/MARC-8) MARC (Unicode/UTF-8) MARC (Unicode/UTF-8, Standard) MODS (XML) RIS
  • More searches
    Search for this title in:
    Other Libraries (WorldCat) Other Databases (Google Scholar) Online Stores (Bookfinder.com) Open Library (openlibrary.org)

Exporting to Dublin Core...

SOUTHVILLE LIBRARY

Southville International School and Colleges Library

1281 Tropical Ave. Cor. Luxembourg St., BF Homes International, Las Pinas City

Tel. No. 8256374 / 252358 Loc. 117/146

Powered by Koha